000
00292nam a22001337a 4500
008
170505b xxu||||| |||| 00| 0 eng d
020
_a
9760316507327
041
_a
eng
080
_2
4 ED
_a
34
100
_a
14
101
_a
SHJ
245
_a
LEGAL RESEARSH
_c
KUNZ.CH.L
942
_2
udc
_c
BK
999
_c
12766
_d
12766